| 000 | 00473nam a2200205Ia 4500 | ||
|---|---|---|---|
| 005 | 20250425160927.0 | ||
| 008 | 250425s9999 xx 000 0 und d | ||
| 041 | _aspa | ||
| 082 | _a070.442 | ||
| 100 | _aPEĆAHERRERA PADILLA, BLASCO | ||
| 245 | 0 | _aCONTROVERSIA | |
| 250 | _a1A ED. | ||
| 260 |
_aEcuador _bSENEFELDER _c1987 |
||
| 260 | _aS.L. | ||
| 650 | _aCOMENTARIOS | ||
| 650 | _aPERIODISMO-ECUADOR | ||
| 650 | _aREPORTAJES | ||
| 942 | _c01 | ||
| 010 | _a8547 | ||
| 999 |
_c199010 _d199010 |
||